000 00500cam a22001577a 4500
008 180718b1983 xxu||||| |||| 00| 0 eng d
020 _a0706923499
082 _aB19x5451 R141
100 _aRamakrishna, V
245 _aSocial reform in Andhra(1848-1919)
_cby V Ramakrishna
260 _aNew Delhi
_bVikas
_c1983
300 _aix, 241p
650 _aAndhra Pradesh (India) --Social conditions.
650 _aSocial reformers --India --Andhra Pradesh
650 _aVeeresalingam, Kandukuri, 1848-1919
999 _c419558
_d419558